Teodor Jozef Mousson (1887-1946)

Bibliographic Details
Main Authors: Barnová, Dana (Author), Molnár, Martin, 1972- (Author)
Other Authors: Urban, Martin (Compiler)
Format: Book
Language:Slovak
PhysicalDescription:40 strán fotografie, portréty 21 cm
Published: V Michalovciach Zemplínske múzeum v Michalovciach 2023
ISBN:9788097004880
Edition:Vydanie prvé
Subjects:

MARC

LEADER 00000nam a2200000 4500
001 vtls012285702
003 SK-MaSNL
005 20260426020715.0
008 251020s2025 xo oc g h 000 0bslo
020 |a 9788097004880  |q (brožované) 
040 |a SNK  |b slo  |c SNK  |e rda 
041 0 |a slo 
043 |a e-xo---  |a e-fr--- 
044 |a xo  |c SK 
072 7 |a 75  |x Maliarstvo  |2 konspekt 
080 |a (437.6)  |2 2011 
080 |a 75.071.1  |2 2011 
080 |a (44)  |2 2011 
080 |a 7.036.2  |2 2011 
080 |a 929(092)  |2 2011 
100 1 |a Barnová, Dana  |4 aut  |9 337069 
245 1 0 |a Teodor Jozef Mousson  |b (1887-1946)  |c zostavil: Martin Urban ; autori: Dana Barnová, Martin Molnár 
250 |a Vydanie prvé 
264 1 |a V Michalovciach  |b Zemplínske múzeum v Michalovciach  |c 2023 
300 |a 40 strán  |b fotografie, portréty  |c 21 cm 
336 |a text  |b txt  |2 rdacontent 
337 |a bez média  |b n  |2 rdamedia 
338 |a zväzok  |b nc  |2 rdacarrier 
600 1 7 |a Mousson, Teodor Jozef,  |d 1887-1946  |2 SNKMA  |9 193774 
650 0 7 |a maliari  |2 SNKPH  |9 3150 
650 0 7 |a Painters  |2 SNKPHeng  |9 99679 
650 0 7 |a impresionizmus (umenie)  |2 SNKPH  |9 68882 
650 0 7 |a Impressionism (art)  |2 SNKPHeng  |9 341552 
651 7 |a Slovensko  |2 SNKPHgeo  |9 14231 
651 7 |a Slovakia  |2 SNKPHeng  |9 92630 
651 7 |a Francúzsko  |2 SNKPH  |9 15907 
651 7 |a France  |2 SNKPHeng  |9 162309 
655 7 |a biografie  |2 SNKPH  |9 27965 
655 7 |a Biography  |2 SNKPHeng  |9 266314 
700 1 |a Urban, Martin  |4 com  |9 338528 
700 1 |a Molnár, Martin,  |d 1972-  |4 aut  |9 217668 
700 1 |a Buraľ, Adrián  |4 bkd  |9 769737 
752 |a Slovensko  |d Michalovce 
852 |a Slovenská národná knižnica 
919 |a 978-80-970048-8-0 
999 |c 1218690  |d 1220620 
952 |a SNK  |b SNK  |y NEVYP  |7 1  |p 17A1583882  |o snkOSC 31091  |i snk2026/1069  |8 0  |0 0  |1 0  |4 0  |d 2026-01-22  |l 0  |r 2026-02-24 23:36:23  |w 2026-02-24